Online Catalogue and eLibrary

Vishaka kumarikawo hewath vanithawage athpotha (Record no. 5224)

MARC details
000 -LEADER
fixed length control field 00411nam a2200169Ia 4500
005 - DATE AND TIME OF LATEST TRANSACTION
control field 20250617014128.0
008 - FIXED-LENGTH DATA ELEMENTS--GENERAL INFORMATION
fixed length control field 240331s9999 xx 000 0 und d
020 ## - INTERNATIONAL STANDARD BOOK NUMBER
ISBN
082 ## - DDC Classification
Item Number - Author Mark BUD
Class No. 305
100 ## - MAIN ENTRY--PERSONAL NAME
Personal name Buddharakkitha himi Naramane
245 #0 - TITLE STATEMENT
Title Vishaka kumarikawo hewath vanithawage athpotha
250 ## - EDITION STATEMENT
Edition statement 2nd
260 ## - PUBLICATION, DISTRIBUTION, ETC.
Name of publisher, distributor, etc. Author Publication
Date of publication, distribution, etc. 2003
300 ## - PHYSICAL DESCRIPTION
Extent (e.g. Volumes, Pages etc.) 90 p .,
650 ## - SUBJECT ADDED ENTRY--TOPICAL TERM
Topical term or geographic name entry element Women
942 ## - Koha item type (Biblio)
Koha item type Books in Stacks (Lending)
Holdings
Lost status Damaged status Collection code Home library Current library Shelving location Date acquired Full call number Accession Number Item type
    Lending WERC Library WERC Library Social Science Cupboard 03/31/2024 305.4 BUD 5626 Books in Stacks (Lending)

© WERC Library